Personaggi famosi nati a Roma - Statistics

Statistiche generali
  • Questo quiz è stato fatto 156 volte
  • Il punteggio medio è 68 su 161
Statistiche sulle risposte
con Immagini Risposta % Corretto
Francesco Totti
91%
Giorgia Meloni
87%
Elodie
84%
Giorgia
84%
Jovanotti
84%
Paolo Bonolis
84%
Renato Zero
84%
Maneskin
83%
Maurizio Costanzo
82%
Noemi
82%
Christian De Sica
81%
Luca Laurenti
81%
Claudio Baglioni
80%
Ilary Blasi
80%
Sabrina Ferilli
80%
Ultimo
80%
Antonello Venditti
78%
Alessia Marcuzzi
76%
Carlo Verdone
76%
Fiorella Mannoia
76%
Giulio Cesare
76%
Matteo Berrettini
76%
Pierfrancesco Favino
76%
Mario Draghi
75%
Raoul Bova
74%
Daniele De Rossi
73%
Fabrizio Frizzi
73%
Enrico Papi
72%
Eros Ramazzotti
72%
Lorella Cuccarini
72%
Sophia Loren
72%
Tony Effe
72%
Valeria Marini
70%
Simone Cristicchi
68%
Enrico Brignano
67%
Alex Britti
66%
Claudio Amendola
66%
Alberto Sordi
65%
Alessandra Mussolini
65%
Gigi Proietti
65%
Giulio Andreotti
65%
Lillo e Greg
64%
Ambra Angiolini
63%
Giancarlo Magalli
63%
Paola Cortellesi
63%
Flavio Insinna
62%
Raimondo Vianello
62%
Claudio Ranieri
61%
Max Gazzè
61%
Max Giusti
61%
Alessandro Gassmann
60%
Marco Liorni
60%
Augusto
58%
Luca Zingaretti
58%
Virginia Raffaele
58%
Bianca Berlinguer
57%
Fabrizio Moro
57%
Nicola Zingaretti
57%
Paolo Fox
56%
Pino Insegno
55%
Antonio Tajani
54%
Claudio Lotito
54%
Adriano Panatta
52%
Claudia Gerini
50%
Paolo Gentiloni
50%
Pierluigi Pardo
50%
Pippo Franco
50%
Alessandro Cecchi Paone
47%
Massimo D'Alema
47%
Paolo Di Canio
47%
Tommaso Paradiso
46%
Marco Giallini
45%
Virginia Raggi
45%
Costantino della Gherardesca
44%
Francesco De Gregori
44%
Bobby Solo
43%
Edoardo Leo
43%
Corrado Guzzanti
42%
Luca Barbarossa
42%
Maurizio Gasparri
42%
Max Biaggi
42%
Claudia Pandolfi
41%
Cristiana Capotondi
41%
Anna Magnani
39%
Claudio Villa
38%
Enzo Salvi
38%
Ilaria D'Amico
38%
Pio XII
38%
Sergio Castellitto
38%
Paola Turci
36%
Carlo Calenda
35%
Barbara Palombelli
34%
Claudia Mori
33%
Dario Argento
33%
Federica Nargi
33%
Massimo Ghini
33%
Maurizio Mosca
32%
Walter Veltroni
32%
Giovanni Floris
31%
Diana Del Bufalo
30%
Ennio Morricone
30%
Giuseppe Cruciani
30%
Corrado Augias
29%
Alessandro Di Battista
28%
Giancarlo Fisichella
28%
Giovanni Malagò
28%
Giuseppe Giannini
28%
Loretta Goggi
28%
Ornella Muti
28%
Fratelli Vanzina
27%
Milena Vukotic
26%
Sergio Leone
26%
Zero Assoluto
26%
Roberto Giacobbo
25%
Federica Sciarelli
24%
Lina Wertmuller
24%
Riccardo Rossi
24%
Barbara De Rossi
23%
Enrico Fermi
22%
Simona Izzo
22%
Elio Germano
20%
Gianfranco Funari
20%
Monica Vitti
20%
Nicola Porro
20%
Marco Aurelio
19%
Andrea Bargnani
17%
Daniele Silvestri
17%
Gabriele Muccino
17%
Sandro Ciotti
16%
Tosca
15%
Andrea Purgatori
13%
Massimo Giannini
13%
Publio Cornelio Scipione
13%
Sabina Guzzanti
13%
Cesare Borgia
12%
Edoardo Vianello
11%
Mario Tozzi
11%
Tiberio
11%
Marco Damilano
10%
Alberto Moravia
9%
Elsa Morante
9%
Giorgio Parisi
9%
Juan Carlos I di Spagna
9%
Nicola Piovani
8%
Lucio Cornelio Silla
7%
Silvana Mangano
7%
Adriano
6%
Marco Licinio Crasso
6%
Mario Monicelli
6%
Trilussa
5%
Antonio Padellaro
4%
Marco Antonio
4%
Tito
4%
Clara Petacci
3%
Roberto Rossellini
3%
Paolo Genovese
2%
Steno
2%
Guillaume Apollinaire
1%
Julius Evola
1%
Pietro Metastasio
1%
San Gregorio Magno
1%
Nessun quiz corrispondente trovato
Distribuzione punteggi
Percentuale di utenti per punteggio
Percentile per numero di risposta
I tuoi punteggi nel tempo
Non hai fatto questo quiz